| 000 | 00516nam a2200145 a 4500 | ||
|---|---|---|---|
| 001 | 000030844 | ||
| 005 | 20240305073655.0 | ||
| 008 | 110531s1956 dr 000 0 spa d | ||
| 040 |
_aDO-SdBNP _bspa _cBNPHU |
||
| 082 |
_axxx _bR696t |
||
| 100 | 1 |
_aRodríguez Demorizi, Emilio, _d1908-1986 _91039 |
|
| 245 | 1 | 0 |
_aTrujillo y Cordell Hull : _bun ejemplo de política panamericanista / _cEmilio Rodríguez Demorizi. |
| 260 |
_aCiudad Trujillo, República Dominicana : _bEditora del Caribe, _c1956. |
||
| 300 |
_a29 p. ; _c25 cm. |
||
| 999 |
_c30336 _d30336 |
||